| 000 | 00609nam a2200181Ia 4500 | ||
|---|---|---|---|
| 008 | 240729s9999 xx 000 0 und d | ||
| 245 | 0 | _aAnalele Universităţii Constantin Brâncuşi din Târgu Jiu : Seria Economie | |
| 260 | _aRomania | ||
| 260 | _bAcademica Brâncuşi | ||
| 650 | _a Commerce | ||
| 650 | _a Commercial geography. Economic geography | Social Sciences | ||
| 650 | _a Economic theory. Demography | ||
| 650 | _a Economics as a science | ||
| 650 | _aSocial Sciences | ||
| 856 | _uhttps://doaj.org/toc/a53e82e639af4d08baa71c020017141a | ||
| 942 | _2ddc | ||
| 942 | _cDOAJEJ | ||
| 999 |
_c69639 _d69639 |
||
| 945 |
_a1 _bMadushi Gamage _c1 _dMadushi Gamage |
||